Ganymede Quiz - Statistics

General Stats
  • This quiz has been taken 23 times
  • The average score is 5 of 7
Answer Stats
Question Answer % Correct
Which planet does Ganymede orbit
100%
What year it was found 1610
67%
How big is Ganymede (3,293 kilometers)
67%
How old is Ganymede 4.5 billion years
67%
What is Ganymede Roman name catamitus
67%
Why is Ganymede so special It has magnetic field
67%
Who found ganymede Simon Marius
17%
No matching quizzes found
Score Distribution
Percent of People with Each Score
Percentile by Number Answered
Your Score History
You have not taken this quiz